000 01294nam a2200349 a 4500
001 000111650
003 CHAP
005 20220329144223.0
008 150624s2015 mx a fsm |||||||spa d
010 _a108111
011 _a109083
040 _cCHAP
090 _aTesis
100 1 _aAmaya Quiroz, Soledad Elisabet
_95183
245 1 4 _aLos actores sociales y la acción colectiva para el manejo de agua en la zona de la montaña de Texcoco
_h[En línea]
_cpor Soledad Elisabet Amaya Quiroz.
260 _aChapingo, Méx. :
_bEl autor,
_c2015.
500 _aPara ver el contenido del material haga clic en la liga
502 _aTesis (Ph.D. en Ciencias Agrarias) -- UACH. Departamento de Sociologia Rural
590 _aBATCH
_b00
_c20181121
_lUCH01
_h0758
590 _aE11695DGD
_b10
_c20150625
_lUCH01
_h1008
590 _aE6096MTM
_b05
_c20150624
_lUCH01
_h0948
590 _aE6096MTM
_b05
_c20150624
_lUCH01
_h0950
650 1 4 _aAgua potable
_xAbastecimiento.
_92443
650 1 4 _aAgua potable
_zTexcoco, Méx.
_9127327
650 1 4 _aComunidad
_xOrganización.
_926248
650 1 4 _aRecursos naturales
_xAdministración.
_995175
856 _a1
_n0000333
856 _aFinding aid
_uhttp://10.13.5.2/tesis/sist111650.pdf
_zTeclea aquí
901 _aBK
942 _cTESIS
942 _n0
999 _c108111
_d108111